[Event "Corus"]
[Site "Wijk aan Zee"]
[Date "2004.01.23"]
[Round "11"]
[White "Bologan, Viktor"]
[Black "Adams, Michael"]
[Result "1/2-1/2"]
[WhiteElo "2679"]
[BlackElo "2720"]
[Annotator "Gershon,A"]
[PlyCount "80"]
[EventDate "2004.01.10"]
[EventType "tourn"]
[EventRounds "13"]
[EventCountry "NED"]
[EventCategory "19"]
[SourceTitle "CBM 099"]
[Source "ChessBase"]
[SourceDate "2004.03.30"]
[SourceVersion "1"]
[SourceVersionDate "2004.03.30"]
[SourceQuality "1"]

1. d4 Nf6 2. c4 e6 3. Nf3 b6 4. g3 Ba6 5. Qb3 Nc6 6. Nbd2 Na5 7. Qc3 c5 8. dxc5
bxc5 9. e4 Bb7 10. e5 Ne4 11. Nxe4 Bxe4 12. Bg2 Be7 13. O-O Nc6 $5 $146 {
Bringing the N straing into the game. This move order (instead of 13...Rb8
first) takes away Huzman's idea of transferring the N to b3} (13... Rb8 14. Re1
$146 ({black had no problems after} 14. b3 Nc6 15. Bb2 O-O 16. Qe3 Bg6 17. Rfd1
Qc7 {in Gelfand - Almasi/Budapest 2003}) 14... Bg6 15. Nd2 {[%cal Gd2b3] An
interesting idea by white. The knight is heading to b3, intending to open the
'a' file , and through it wants to put pressure on black's position. However,
black will have a sufficient counterplay along the 'b' file.} f6 $1 {Black
realizes that he needs to open other fields of battle, in order to develop
counterplay} 16. Nb3 Nxb3 17. axb3 fxe5 18. Qxe5 ({after} 18. Rxa7 Qb6 19. Ra5
d6 {black hs too strong of a center to have any problems.}) 18... O-O 19. Rxa7
Rxb3 20. Be3 {[%csl Rb2,Rc4,Rc5,Rd7] Each player has his objects to play
against. For now white has the more active pieces, but black's next strong
move forces his to exchange his most active one - the Q} Bf5 $1 {[%cal Gd7d6]}
(20... Bf6 21. Qxc5 Rxb2 22. Qd6 $16 {[%csl Rd7]}) 21. Qc7 (21. Bxc5 $5 {
was the only way for white to fight for an advantage. However, this
continuation envolves a great deal of risk.} d6 22. Qe2 dxc5 23. g4 Bf6 $1 (
23... Bd6 24. gxf5 Bxh2+ $1 25. Kh1 (25. Kxh2 Qb8+ 26. Kg1 Qxa7 $17) 25... Bb8
26. Qxe6+ Kh8 27. Re7 $16) ({the natural} 23... Qd4 $2 {is refuted nicely with:
} 24. gxf5 Rxb2 25. Qxe6+ Kh8 26. Qe3 Bh4 27. Ra8 $3 Bd8 $8 ({of course not:} 
27... Rxa8 $4 28. Qe8+) (27... Bxf2+ $4 28. Kh1 Qd6 29. Qd3 $1 $18) 28. Qxd4
cxd4 29. Bd5 $16) 24. gxf5 exf5 25. Qe6+ Kh8 26. Rf7 (26. Ra8 Rb8 $11) (26.
Qxf5 Bc3 27. Qxf8+ Qxf8 28. bxc3 {The draw seems to be the most likely result})
26... Rxb2 27. Rxf8+ Qxf8 28. Qxf5 {white has a symbolic advantage, which will
not be enough for a win.}) 21... Qxc7 22. Rxc7 Rd8 {the position is roughly
equal now} 23. Bxc5 Bxc5 24. Rxc5 Rxb2 25. Rc7 Rd2 26. c5 Rb8 27. Be4 Bh3 {
Black is playing for a win, avoiding clear drawing lines.} (27... Bxe4 28. Rxe4
Rbb2 29. Rf4 g5 30. Rf6 Rbc2 {is drawish}) 28. Ra1 $1 Rf8 (28... Rbb2 $2 29. c6
$1 $16) 29. f4 e5 30. Ra8 $2 ({Accepting the sac looks dangerous, but ,
nevertherless, white proves to be fine in all variations.} 30. fxe5 h6 $1 ({
the natural:} 30... Rdf2 {is refuted nicely with:} 31. Bd5+ Kh8 32. Rc8 $1 {
and white is winning}) 31. c6 (31. Rca7 Re2) 31... dxc6 32. Bxc6 $16) 30...
Rxa8 31. Bxa8 exf4 {Now it is black who is pressing for a win, due to a strong
rook, and better pawn formation} 32. gxf4 Kf7 33. Bf3 (33. c6 $4 Rg2+ 34. Kh1
Ra2 $19) 33... Kf6 34. c6 d5 ({after} 34... dxc6 35. Rxc6+ Kf5 36. Rc4 {
there is too little material left on the board for black to hope for any
winning chances}) 35. Ra7 d4 36. c7 Rc2 37. Be4 d3 38. Ra1 ({A computer comes
up with a surprising line:} 38. Bxd3 $2 Rg2+ 39. Kh1 Rd2 40. Ra6+ $1 Ke7 41.
c8=N+ $1 Kf8 42. Kg1 Rxd3 43. Nd6 Rf3 44. Ra1 Rxf4 {however, here black has
good winning chances}) 38... Rxc7 39. Bxd3 Rc3 40. Bf1 {white was able to
exchange the 'c' and 'd' pawns, and now, the draw is just a matter of
technique. The point is that a B ending with pawns 'h' & 'g' vs 'h' is an easy
draw.} Bg4 41. Ra6+ Kf5 42. Ra7 Kg6 43. Ra6+ Kh5 44. Ra7 Kh6 45. Ra6+ {White
is simply attacking the black pawns, not allowing his to even activate the king
} g6 46. Ra7 Bf5 $1 {finding the only way to proceed: the bishop is heading to
e4, and the rook will go to the 'h' file} 47. Kf2 Be4 48. Be2 Rh3 49. Kg1 Rh4
50. Rf7 Bf5 {eventually, black won a pawn, but the position is still drawn.
All white has to do, is wait} 51. Kg2 Rxf4 52. Kg3 Ra4 53. Bf3 Ra3 54. Kf2 Ra5
55. Kg3 g5 56. Rf6+ Kg7 57. Rb6 Ra3 58. Rb7+ Kf6 59. Rb6+ Ke7 60. Rb7+ Kd6 61.
Rb6+ Kc5 62. Rf6 Bb1 63. Kf2 Bg6 64. h4 {White saw a forced way to make the
draw inevitable.} gxh4 65. Rf4 Ra2+ 66. Kg1 h3 67. Rh4 Rb2 (67... Ra3 68. Kf2
$11) 68. Rxh3 Kd4 69. Rh2 Rb3 70. Kf2 Ke5 71. Rh4 Kf5 72. Be4+ $1 Kg5 {1/2-1/2
Huzman,A-Beliavsky,A/Istanbul 2003/CBM96_01/[Gershon] (72)} 73. Bxg6 {any
capture is leading to a theoretical draw now:} Kxh4 (73... hxg6 74. Ra4 $11)
74. Bxh7 $11) (13... O-O 14. Bd2 ({After the naturally looking} 14. Be3 {
white would find it difficult to get rid of the black bishop on e4} Nc6 {
[%cal Gd8a5,Ga8b8] an the position is about equal}) 14... Nc6 15. Qe3 Bxf3 16.
Bxf3 Nd4 17. Bc3 (17. Bxa8 $143 Qxa8 {[%cal Gd4f3]} 18. f3 Nc2 19. Qd3 Nxa1 20.
Rxa1 Qc6 {[%cal Gf7f6] is good for black!}) 17... Nxf3+ (17... Nc2 {is bad due
to:} 18. Qd3 ({less convicning is:} 18. Qe4 Nxa1 19. Qxa8 Qxa8 20. Bxa8 Rxa8
21. Rxa1 Rb8 22. Rd1 Rb7 23. b3 {is unpleasant for black - his pawns are weak
and the bishop more passive.}) 18... Nxa1 19. Bxa8 Qxa8 20. Qxd7 $16 {winnning
a pawn}) 18. Qxf3 f6 19. Rad1 {Lautier - Gelfand/ Cannes 2002}) 14. Re1 Bg6 15.
Bf4 {Simple and good. White is simply developing pieces, preparing to press
along the 'd' file. Black, on the other hand, will try his chances on the Q
side.} (15. Nd2 {with analogy to Huzman - Beliavsky, doesn't work due to} Nd4
$1 16. Ne4 (16. Bxa8 Qxa8 17. b3 Nc2 {and black is by no means worse}) 16...
Rb8) 15... O-O 16. Rad1 Rb8 17. Rd2 Qc7 18. Bg5 $5 (18. Red1 Rfd8 19. Qe3 Bh5
$1 $11) 18... Bxg5 19. Nxg5 Rfd8 20. Rd6 Nd4 (20... Nxe5 21. Qxe5 f6 22. Nxe6
$1 $16) 21. Nf3 Nf5 {Black cannot exchange the N's, since then white B will be
much better than black's, and black will have nothing to put against the white
pressure.} 22. Ra6 (22. Rd2 d6 23. g4 Ne7 (23... Nd4 24. Nxd4 cxd4 25. Rxd4
dxe5 26. Rxd8+ Rxd8 27. h3 $14) 24. exd6 Rxd6 25. Red1 Rbd8 26. Rxd6 Rxd6 27.
Rxd6 Qxd6 28. Qd2 Qc7 $14) 22... Qb7 (22... d5 23. exd6 (23. cxd5 exd5 $132)
23... Rxd6 24. Rxd6 Qxd6 25. Ne5 $14) 23. Qa5 Qxb2 24. Qxc5 Bh5 (24... Rdc8 25.
Qa3 (25. Qxa7 $4 Rb7 $19) 25... Rxc4 26. Rxa7 Qxa3 27. Rxa3 d5 28. exd6 Nxd6
29. Ne5 $14 {/+/-}) 25. Qa3 $1 Qc2 26. Rxa7 Qxc4 {I really don't know what
mark to assign to this move. The first impression is that black has simply
blundered a piece . However, after this he's able to build a fortress, which
is very difficult to break through. On the other hand, after 26...Bxf3 black
would have to face a running white pawn, supported by a very strong B.
Therefore, my guess would be that this move was based on a very deep
evaluation of the arising positions from a practical point of view.} (26...
Bxf3 27. Bxf3 Qxc4 $14 {[%cal Ga2a8,Yf3a8]}) 27. Ra4 Qc2 28. g4 Rb2 29. Rf1
Bxg4 30. Rxg4 Rxa2 {Black's position is very solid, and the pressure along the
2nd rank makes white's winning chances problematic.} 31. Qb4 ({In the endgame
black always maintains very good chances for a draw:} 31. Qc1 Rc8 32. Qxc2
Rcxc2 33. Rb4 g6 34. Rb8+ Kg7 35. Rd8 Ne3 36. Ne1 (36. fxe3 Rxg2+ 37. Kh1 g5
38. Rg1 Rxg1+ 39. Kxg1 g4 40. Nd4 Ra5 41. Rxd7 Rxe5 42. Kf2 Kg6 {with good
drawing chances}) 36... Nxf1 37. Nxc2 Nd2 38. Rc8 Ra5 39. f4 g5 40. fxg5 Rxe5
41. h4 d5 {with good chances for survival}) 31... g6 32. Nd4 {Exchanging minor
pieces and reducing black's temporary pressure.However, the less pieces remain
on the board, the harder it would be for white to dismantle black's defence.}
Qd3 33. Nxf5 Qxf5 34. Re4 (34. Qe4 Qxe4 35. Rxe4 d5 {and black pawns create an
unbreakable fortress.}) (34. Qe7 $5 Rb8 35. Rd4 Qxe5 36. Rxd7 Qf4 {once again,
the counterplay along the second rank proves sufficient.}) (34. Qd4 $142 Re2
35. Re4 Rxe4 36. Bxe4 (36. Qxe4 Qxe4 37. Bxe4 d5 {with draw being the most
likely result}) 36... Qg4+ 37. Kh1 Ra8 (37... d5 $2 38. exd6 f5 39. f3 Qf4 (
39... Qh4 40. Qe5 fxe4 41. Qxe6+ Kg7 42. fxe4 $18) 40. Qf6 Qxd6 41. Bc2 $18 {
black has weakened himself too much}) 38. f3 Qh3 39. Rf2 (39. Kg1 Ra2 40. Rf2
Rxf2 41. Qxf2 Qh5 {here too, black seems to have more chances to achieve the
desired result.}) 39... Qh4) 34... Rc8 35. Re3 $6 {after this the draw is
achieved almost by force} Rc1 $1 36. Qh4 Raa1 37. Qf6 (37. Qd8+ Kg7 38. Qxd7 $4
(38. Rxc1 Rxc1+ 39. Bf1 $11) 38... Rxf1+ 39. Bxf1 Qg4+ 40. Rg3 Qe2 $19) 37...
Qb1 38. Qd8+ Kg7 39. Qf6+ Kg8 40. Qd8+ Kg7 1/2-1/2

[Event "Corus"]
[Site "Wijk aan Zee"]
[Date "2004.01.22"]
[Round "10"]
[White "Timman, Jan H"]
[Black "Kramnik, Vladimir"]
[Result "1/2-1/2"]
[WhiteElo "2578"]
[BlackElo "2777"]
[Annotator "Gershon,A"]
[PlyCount "63"]
[EventDate "2004.01.10"]
[EventType "tourn"]
[EventRounds "13"]
[EventCountry "NED"]
[EventCategory "19"]
[SourceTitle "CBM 099"]
[Source "ChessBase"]
[SourceDate "2004.03.30"]
[SourceVersion "1"]
[SourceVersionDate "2004.03.30"]
[SourceQuality "1"]

1. d4 Nf6 2. c4 e6 3. Nf3 b6 4. g3 Ba6 5. Qa4 Bb7 6. Bg2 c5 7. dxc5 Bxc5 8. O-O
O-O 9. Nc3 Be7 10. Bf4 a6 (10... Na6 {is the main move here, but it leads to
very drawish positions.Looks like black wanted to keep more life in the
position}) 11. Rfd1 d6 12. Rac1 (12. Rd2 Qc7 13. Rad1 Rd8) 12... Nh5 $1 {
The most accurate way to finish development.} (12... Qc7 13. Qb4 Ne8 14. Na4
$14) 13. Be3 Qc7 14. Qc2 Nf6 {Black is delaying the development of the b8N,
which will go to either d7 or c6, in accordance with the situation on the
board.} 15. Bf4 Rd8 16. Qd2 Ne4 ({of course not} 16... Nc6 $2 17. Nd5 exd5 18.
cxd5 $16) 17. Nxe4 Bxe4 18. Bg5 {Forcing more simplifications} (18. b4 Qb7 $11)
18... Nc6 (18... Bxg5 19. Nxg5 Bxg2 20. Kxg2 (20. Qd3 h6 $1 21. Qh7+ Kf8 22.
Qh8+ Ke7 23. Qxg7 hxg5 24. Qxg5+ Kd7 25. Kxg2 Nc6 $19) 20... Qb7+ $11) 19. Bxe7
Nxe7 20. Qf4 $1 Bxf3 21. Qxf3 Rac8 22. Qb7 {The endgame is absolutely equal} a5
23. e3 Qxb7 24. Bxb7 Rc7 25. Bf3 {[%csl Rb6,Rd6]} Kf8 26. Rc3 Nc8 27. Be2 Ke7
28. Kf1 Na7 (28... d5 29. cxd5 Rxc3 30. bxc3 Rxd5 31. Rxd5 exd5 32. c4 dxc4 33.
Bxc4 $14 {thanks to the B white has a slight edge}) 29. Rb3 Rb8 30. Rbd3 Rd8
31. Rb3 Rb8 32. Rbd3 1/2-1/2

[Event "EU-ch 6th"]
[Site "Warsaw"]
[Date "2005.06.18"]
[Round "1"]
[White "Evdokimov, Alexander A"]
[Black "Eljanov, Pavel"]
[Result "0-1"]
[WhiteElo "2503"]
[BlackElo "2641"]
[Annotator "Gershon,A"]
[PlyCount "80"]
[EventDate "2005.06.18"]
[EventType "swiss"]
[EventRounds "13"]
[EventCountry "POL"]
[SourceTitle "CBM 108"]
[Source "ChessBase"]
[SourceDate "2005.09.26"]
[SourceVersion "1"]
[SourceVersionDate "2005.09.26"]
[SourceQuality "1"]

1. d4 Nf6 2. c4 e6 3. Nf3 b6 4. g3 Ba6 5. Nbd2 Bb4 ({Other possibilities at
black's disposal here are} 5... c5) ({and} 5... d5) 6. Qc2 Bb7 {This way black
is hoping to exploit the somewhat unnatural way of white's development, and
make it hard for white to untie.} 7. Bg2 Be4 8. Qb3 Bxd2+ 9. Bxd2 O-O 10. O-O
d6 11. Rfd1 Nbd7 12. Bh3 ({The usual continuation here is} 12. Rac1 {not
determining the bishop's position just yet. In is a more flexible, and thus
more reasonable continuation.}) 12... Re8 13. Rac1 Qe7 14. Qa3 (14. Qe3 {
is the other playable move here, but I believe that once white played 8.Qb3,
the only way to try and achieve anything here - it is by putting the queen to
a3.}) 14... a5 15. Be3 Bb7 16. Nh4 h6 17. f3 c5 18. Bf2 Qf8 19. Ng2 $1 ({
The natural} 19. e4 {runs into} g5 20. Ng2 g4 21. Bxg4 Nxg4 22. fxg4 Bxe4 {
and black is more than ok.}) 19... Nh7 20. Ne1 {The knight is surprisingly
much better placed on e1 than on h4.} Ng5 21. Bg2 f5 {and now e4 is no more an
option.} 22. Nc2 Nf7 23. Rd2 Qe7 24. Ne3 Nf6 25. Rcd1 g5 $6 {I don't like this
move. Objectively, this is just a weakening, although if you want to win on
the black side, especially in such a solid opening - you must take risks.} ({
after} 25... a4 {the position remains approximately equal.}) 26. Qd3 Kh8 27.
Qc3 (27. Nc2 {[%cal Ge2e4]} f4 28. e4 e5 29. dxc5 dxc5 {black is fine}) 27...
f4 28. Ng4 Nxg4 29. fxg4 cxd4 $6 (29... Bxg2 30. Kxg2 e5 31. dxc5 bxc5 {
makes more sense than the game to me.}) 30. Rxd4 e5 31. Bxb7 Qxb7 32. Rd5 {
Playing it solid, but i'd probably not be able to stop myself from playing:} (
32. Rxd6 $5 Nxd6 33. Rxd6 {And black's position is just falling apart} Qe4 (
33... Qh7 34. Bxb6 Qb1+ {black must be quick with counterplay, or white will
start pushing his extra pawns on the queen's side} 35. Kf2 $1 {[%csl Rh8]}
fxg3+ 36. Kxg3 Kg7 37. Qd3 $1 {and white is much better}) 34. gxf4 gxf4 35. Qh3
Qb1+ 36. Kg2 Qe4+ 37. Kf1 {and I take white}) 32... Rac8 33. Qb3 $2 {A simple
blunder.} (33. Qd3 {was MUCH stronger allowing b2-b3 and eying black's
weakened king side.}) 33... Qc6 {[%csl Rc4] Now the 'c' pawn is undefendable.}
34. Bxb6 a4 35. Qb5 Qxc4 36. Qd7 ({The lesser evil was} 36. Qxc4 Rxc4 37. b3
Rc2 38. R1d2 Rxd2 39. Rxd2 axb3 40. axb3 Rb8 41. Bc7 Rxb3 42. gxf4 exf4 43.
Bxd6 {and although being worse, white still has very decent drawing chances.})
36... Kg8 {and now, all of a sudden, it's white's king the one who's in
trouble.} 37. Qf5 $2 ({Again, better was} 37. Rxd6 $1 Nxd6 38. Rxd6 Qc1+ 39.
Kg2 Qc2 40. Kg1 (40. Rxh6 Qxe2+ 41. Bf2 f3+ {mating}) 40... fxg3 41. hxg3 a3
42. bxa3 Qb1+ 43. Kh2 Qh7 $15 {and i'm in doubt black can win this. E.g} 44.
Qf5 {[%cal Gd6g6]} Qxf5 45. gxf5 Rc2 46. Rxh6 Rxe2+ 47. Kh3 Rxa2 48. Bc5 e4 49.
Kg4 e3 50. Kxg5 e2 51. Rg6+ {with a perpetual.}) 37... Rc6 $1 {Protecting the
'd' pawn.} 38. Qg6+ Kf8 39. Bf2 Qxe2 40. Rxd6 {A blunder, but white's position
was already lost.} (40. R5d2 Qxg4 41. Qe4 Rec8 $19) 40... Qxd1+ $1 0-1

[Event "Igualada"]
[Site "Igualada"]
[Date "2005.08.18"]
[Round "2"]
[White "Kortschnoj, Viktor Lvovich"]
[Black "Beliavsky, Alexander G"]
[Result "1-0"]
[WhiteElo "2615"]
[BlackElo "2599"]
[Annotator "Gershon,A"]
[PlyCount "67"]
[EventDate "2005.08.17"]
[EventType "tourn"]
[EventRounds "6"]
[EventCountry "ESP"]
[EventCategory "16"]
[SourceTitle "CBM 109"]
[Source "ChessBase"]
[SourceDate "2005.11.14"]
[SourceVersion "1"]
[SourceVersionDate "2005.11.14"]
[SourceQuality "1"]

1. d4 Nf6 2. c4 e6 3. Nf3 b6 4. g3 Ba6 5. b3 Bb4+ 6. Bd2 Be7 7. Nc3 Bb7 8. Bg2
O-O 9. Qc2 {A rare move, and one that probably doesn't promise white opening
advantage.} (9. O-O {is the main move here} Na6 10. Re1 ({Gelfand, against
Beliavsky opted for} 10. Qb1 c5 11. e4 d5 12. cxd5 exd5 13. exd5 Nxd5 14. Rd1
Bf6 {1/2-1/2 Gelfand,B-Beliavsky,A/Lvov 2000/CBM 77 (36) with a good position
for black}) 10... d5 11. cxd5 exd5 12. Ne5 c5 13. Be3 Nc7 14. dxc5 bxc5 15. Na4
Ne6 16. Rc1 Rc8 17. Nd3 $14 {1-0 Anand,V-Gelfand,B/Shenyang 2000/CBM 79/
[Gershon] (40)}) 9... c5 10. d5 (10. dxc5 {is less logical} bxc5 11. O-O Nc6
12. Rad1 d6 13. Bf4 Qb6 14. Bc1 a6 15. Bb2 Qc7 16. Rd2 h6 17. Qb1 {1/2-1/2
Polak,T-Laznicka,V/Olomouc 2003/CBM 95 ext}) 10... exd5 11. Ng5 Nc6 (11... h6
$143 {weakens the king too much.} 12. h4 ({worse is} 12. Nxd5 Bxd5 13. Bxd5 Nc6
14. Nf3 Nxd5 15. cxd5 Bf6 16. Rc1 Nd4 17. Nxd4 Bxd4) 12... Nc6 13. Nxd5) 12.
Nxd5 {This looks nice, but in fact doesn't give white any opening advantage.} (
12. cxd5 Nd4 13. Qd1 h6 {and black seizes the advantage.}) 12... g6 {Now Nd4
is a threat, so white has to retreat the knight.} 13. Nf3 {now black
simplifies the position to equality} Nxd5 14. cxd5 Nb4 $1 15. Bxb4 cxb4 16. Qd2
Re8 17. O-O Bf6 18. Nd4 Bxd4 19. Qxd4 Rxe2 {the position is equal: white has
more space which is compensated by a somewhat troubled pawn on d5: it stays on
the color of the bishops, and this favors black.} 20. Qc4 Re8 ({after} 20...
Re5 {black was probably worried about} 21. f4 Re8 22. f5 {with dangerous
initiative}) 21. Qxb4 d6 22. Rac1 Qd7 23. h4 {Both players are true to their
styles: playing on in every position..} Re5 24. Qd4 Rc8 {looks that a draw
agreement is just around the corner....} 25. Rxc8+ Qxc8 26. Qd2 Qe8 ({an
attempt to win a pawn with} 26... Qf5 27. Rc1 Bxd5 {is dangerous for black
mainly:} 28. f4 Re4 29. Kh2 {with white's advantage.} (29. Bxe4 Qxe4 30. Kh2
Be6)) 27. Rc1 Re2 28. Qc3 {It was time to repeat the position with Re5, but
black plays for a win and.... pays for it.} Rxa2 $4 (28... Re5 29. Qd2 $11) 29.
Qf6 $1 {White wins back the pawn, and now black rook is cut out of the game,
whereas white is about the invade along the 7th rank.} Rd2 (29... Qf8 30. Rc7
Bc8 31. Rc6 Bd7 32. Rxd6 Qe8 33. Bf1 $18 {[%cal Gf1b5]}) 30. Qxd6 Kg7 (30... a5
31. h5 $1 b5 ({after} 31... gxh5 {white can already take the 'b' pawn} 32. Qxb6
Bxd5 33. Qxa5 Qe2 34. Qd8+ Kg7 {and he now has the check on g5.} 35. Qg5+ $18)
32. h6 {and it's time to resign.}) 31. Qf4 Qe2 $2 {a blunder in a lost position
} 32. Rc7 Qe1+ 33. Kh2 (33. Bf1 {was even stronger:} Bxd5 34. h5 $1 h6 35. hxg6
Kxg6) 33... Bxd5 34. Rd7 1-0

[Event "Olympiad-36"]
[Site "Mallorca"]
[Date "2004.10.18"]
[Round "4"]
[White "Onischuk, Alexander"]
[Black "Anand, Viswanathan"]
[Result "1/2-1/2"]
[WhiteElo "2653"]
[BlackElo "2781"]
[Annotator "Gershon,A"]
[PlyCount "47"]
[EventDate "2004.10.15"]
[EventType "team-swiss"]
[EventRounds "14"]
[EventCountry "ESP"]
[SourceTitle "CBM 104"]
[Source "ChessBase"]
[SourceDate "2005.01.27"]
[SourceVersion "1"]
[SourceVersionDate "2005.01.27"]
[SourceQuality "1"]
[WhiteTeam "US of America"]
[BlackTeam "India"]
[WhiteTeamCountry "USA"]
[BlackTeamCountry "IND"]

1. d4 Nf6 2. c4 e6 3. Nf3 b6 4. g3 Ba6 5. b3 Bb4+ 6. Bd2 Be7 7. Bg2 c6 8. Bc3
d5 9. Ne5 Nfd7 10. Nxd7 Nxd7 11. Nd2 O-O 12. O-O Rb8 13. Re1 b5 14. Qc2 $146 (
14. e4 {is the more explored move here, but it doesn't seem to post black any
serious problems.} bxc4 15. bxc4 dxc4 16. Qa4 Bb5 17. Qc2 c5 (17... Ba3 $5) 18.
d5 exd5 19. exd5 Bf6 20. Nxc4 Bxc4 21. Bxf6 Qxf6 22. Qxc4 Rb2 23. Qf4 Qxf4 24.
gxf4 Rd2 $11 {1-0 Izeta Txabarri,F-Rodriguez Lopez,R/Palencia 1999/CBM 71 ext 
(36)}) 14... dxc4 15. bxc4 bxc4 16. e4 {turns out that white played Qc2 witout
forcing black bishop to b5 first (with Qa4). The only difference is that
'a2-a4' will now be played without a tempo on the bishop.} Re8 {In order to
equalize, black must play c5 at some point. With his last move Black forsees
the opening of the 'e' file after "c5 d5 exd5".} 17. Rad1 Qc8 18. Bf1 {[%csl
Rc4]} Nb6 {Taking the 'd5' square under control. Now white will not be able to
meet c5 with d5.} 19. a4 {Had white played Qa4-c2 (and not Qd1-c2), gaining
the tempo for a4... in this position it would be White's turn, and he'd enjoy
a serious advanatage. Now he's one tempo short, and that's exactly what Anand
needs to equalize.} (19. Nf3 {runs into:} Bb5 $15 {[%cal Gb5a4,Yc8a6]} (19...
c5 $140 $2 20. d5)) 19... c5 20. a5 cxd4 21. Bxd4 (21. axb6 dxc3 22. bxa7 Rb7
23. Qxc3 (23. Nxc4 Bxc4 24. a8=Q Qxa8 25. Bxc4 Rc8 $19) 23... Bb4) 21... Nd7 {
Now all the Q side pawns are exchanged, leading to a totally equal ending.} 22.
Bxa7 Rb5 23. Qxc4 Rxa5 24. Qxc8 1/2-1/2